Facilitador de las interrelaciones entre comercio y ambiente /

Сохранить в:
Библиографические подробности
Главный автор: Arce, Randall
Другие авторы: García, Daniela Miranda, Donald
Формат: Текст
Предметы:
Метки: Добавить метку
Нет меток, Требуется 1-ая метка записи!

MARC

LEADER 00000 a a2200000 04500
001 8193
003
040
100 |a Arce, Randall  
245 |a Facilitador de las interrelaciones entre comercio y ambiente /  |c Randall Arce 
650 |a GESTION AMBIENTAL  
650 |a POLITICA AMBIENTAL  
650 |a COMERCIO INTERNACIONAL  
700 |a García, Daniela   |a Miranda, Donald  
773 |g número 2; páginas 21-24  
999 |c 24362  |d 24362